LEADER 01303nam a2200313 i 4500 001 000000147518 003 CaOOAMICUS 005 20060203000000.0 008 060203s1999 it u000 u ita u 013 $a124731 020 $a88-317-7250-3 040 $aSeMil$bita 100 0 $aEuripides,$d<485-406 a.C.>.$0(OLS)http://semarc/name/979 245 10$aMedea :$bvariazioni sul mito /$cEuripide, Grillparzer, Alvaro ; a cura di Maria Grazia Ciani. 260 $aVenezia :$bMarsilio,$c1999. 300 $a222 p. ;$c19 cm. 490 0 $aGrandi classici tascabili Marsilio 700 1 $aCiani, Maria Grazia.$0(OLS)http://semarc/name/8858 700 1 $aAlvaro, Corrado,$d<1895-1956>.$0(OLS)http://semarc/name/8442 700 1 $aGrillparzer, Franz,$d<1791-1872>.$0(OLS)http://semarc/name/8793 830 0$aGrandi classici tascabili Marsilio.$0(OLS)http://semarc/title/20299 850 $aSeMil 852 $aSeMil$W1$xVenegono$y1$m1X II 208$j100067$B100067$CSeMilBibl$Z2$F108620 $81 900 1 $aEuripide. 961 $aOmaggio: Oneta don Marco 996 $6020$a88-317-7250-3$9(OLS)http://semarc/number/136231 996 $6245$aMedea :$bvariazioni sul mito$9(OLS)http://semarc/title/215675 996 $6260$aVenezia :$bMarsilio$9(OLS)http://semarc/publisher/30231 LEADER 00759nam a2200217 i 4500 001 000000163429 003 CaOOAMICUS 005 20190628130501.0 008 070726s1944 it u000 u ita u 013 $a140793 040 $aSeMil$bita 245 10$a[Vol. 4] /$cA. Solmi ... [et al.]. 300 $aXVI, 298 p. 490 0 $aConferenze e letture dantesche ;$v7. 700 1 $aSolmi, Arrigo.$0(OLS)http://semarc/name/5480 773 0 $tStudi su Dante.$dMilano : Hoepli, 1939.$w()18232 830 0$aConferenze e letture dantesche ;$v7.$0(OLS)http://semarc/title/24052 850 $aSeMil 852 $aSeMil$W1$xVenegono$y1$m1E V 26$j114723$B114723$CSeMilBibl$Z2$F125527 $81 996 $6245$a[Vol. 4]$9(OLS)http://semarc/title/173684 LEADER 01301nam a2200301 4500 001 000000364442 003 CaOOAMICUS 005 20250926163206.0 008 250922s1990 it 000 u ita r 020 $a88-383-1112-9 040 $aSeMil$bita 100 1 $aRomeo, Giovanni,$d<1949- >.$0(OLS)http://semarc/name/54034 245 10$aInquisitori, esorcisti e streghe nell'Italia della Controriforma /$cGiovanni Romeo. 250 $a2. ed. 264 1$aFirenze :$bSansoni,$c1990. 300 $aX, 331 p. ;$c24 cm 490 1 $aBiblioteca storica 650 4$aControriforma.$0(OLS)http://semarc/subject/38740 650 4$aInquisizione - Italia - Sec. 16.$0(OLS)http://semarc/subject/29055 650 4$aStregoneria - Processi - Italia - Sec. 16.$0(OLS)http://semarc/subject/52134 830 0$aBiblioteca storica.$0(OLS)http://semarc/title/9383 850 $aSeMil 852 $aSeMil$W1$xVenegono$y1$m3C V 8$j262417$B255309$CSeMilBibl$Z2$F255309 $81 961 $aBuzzi mons. Franco - Omaggio 996 $6020$a88-383-1112-9$9(OLS)http://semarc/number/304186 996 $6245$aInquisitori, esorcisti e streghe nell'Italia della Controriforma$9(OLS)http://semarc/title/455820 996 $6264$aFirenze :$bSansoni$9(OLS)http://semarc/publisher/29843 LEADER 00872nam a2200205 i 4500 001 000000208996 003 CaOOAMICUS 005 20111202000000.0 008 111202s1955 it u000 u ita u 013 $a187785 040 $aSeMil$bita 100 1 $aMorghen, Raffaello,$d<1896-1983>.$0(OLS)http://semarc/name/16342 245 10$aProfilo storico della civiltà europea /$cRaffaello Morghen Ord. di Storia Medievale nella Università di Roma. 260 $aPalermo :$bPalumbo,$cstampa 1955. 300 $aXXIII, 758 p. ;$c23 cm. 650 4$aEuropa - Civiltà - Storia.$0(OLS)http://semarc/subject/28402 850 $aSeMil 852 $aSeMil$W1$xVenegono$y1$m3T II 175$j159450$B159450$CSeMilBibl$Z2$F170511 $81 996 $6245$aProfilo storico della civiltà europea$9(OLS)http://semarc/title/302115 996 $6260$aPalermo :$bPalumbo$9(OLS)http://semarc/publisher/30370